000 00370nam a22001577a 4500
003 CEME
005 20210628202254.0
008 210301b xxu||||| |||| 00| 0 eng d
040 _c.
082 _a891.4393 RAS
100 _aRashid Ul Khairey
_959097
245 _aNovel afsaney
260 _bSANG E MEEL PUBLISHER
_c2001
650 _aURDU
_916749
942 _cBK
_2ddc
999 _c569150
_d569150